LEADER 02504nam0 22004693i 450 001 VAN00279012 005 20240924075106.242 017 70$2N$a9783031204326 100 $a20240702d2023 |0itac50 ba 101 $aeng 102 $aCH 105 $a|||| ||||| 200 1 $aSpectral and High Order Methods for Partial Differential Equations ICOSAHOM 2020+1$eSelected Papers from the ICOSAHOM Conference, Vienna, Austria, July 12-16, 2021$fJens M. Melenk ... [et al.] editors 210 $aCham$cSpringer$d2023 215 $ax, 574 p.$cill.$d24 cm 410 1$1001VAN00027129$12001 $aLecture notes in computational science and engineering$1210 $aBerlin [etc.]$cSpringer$d1997-$v137 606 $a00B25$xProceedings of conferences of miscellaneous specific interest [MSC 2020]$3VANC020732$2MF 606 $a65-XX$xNumerical analysis [MSC 2020]$3VANC019772$2MF 606 $a65M70$xSpectral, collocation and related methods for initial value and initial-boundary value problems involving PDEs [MSC 2020]$3VANC031193$2MF 606 $a65N35$xSpectral, collocation and related methods for boundary value problems involving PDEs [MSC 2020]$3VANC031195$2MF 610 $aComputational Fluid Mechanics$9KW:K 610 $aComputational electromagnetics$9KW:K 610 $aComputational structural mechanics$9KW:K 610 $aDiscontinuous Galerkin Methods$9KW:K 610 $aEfficient solvers$9KW:K 610 $aHigh order finite difference method$9KW:K 610 $aHigh order finite element methods$9KW:K 610 $aHyperbolic equations$9KW:K 610 $aReduced basis methods$9KW:K 610 $aSpectral methods$9KW:K 620 $aCH$dCham$3VANL001889 702 1$aMelenk$bJens M.$3VANV231551 712 12$aInternational Conference on Spectral and High Order Methods$f2021$eVienna, Austria$3VANV231554 712 $aSpringer $3VANV108073$4650 801 $aIT$bSOL$c20241115$gRICA 856 4 $uhttps://doi.org/10.1007/978-3-031-20432-6$zE-book ? Accesso al full-text attraverso riconoscimento IP di Ateneo, proxy e/o Shibboleth 899 $aBIBLIOTECA DEL DIPARTIMENTO DI MATEMATICA E FISICA$1IT-CE0120$2VAN08 912 $fN 912 $aVAN00279012 950 $aBIBLIOTECA DEL DIPARTIMENTO DI MATEMATICA E FISICA$d08DLOAD e-Book 9256 $e08eMF9256 20240704 996 $aSpectral and High Order Methods for Partial Differential Equations ICOSAHOM 2020+1$94208902 997 $aUNICAMPANIA LEADER 02524nam0 2200565 i 450 001 VAN00125417 005 20251015091302.508 017 70$2N$a9783030266998 100 $a20191111d2019 |0itac50 ba 101 $aeng 102 $aCH 105 $a|||| ||||| 181 $ai$b e 182 $ab 183 $acr 200 1 $aStationary Diffraction by Wedges$eMethod of Automorphic Functions on Complex Characteristics$fAlexander Komech, Anatoli Merzon 210 $aCham$cSpringer$d2019 215 $axi, 165 p.$cill.$d24 cm 461 1$1001VAN00102250$12001 $aLecture notes in mathematics$1210 $aBerlin [etc.]$cSpringer$v2249 500 1$3VAN00234190$aStationary Diffraction by Wedges : Method of Automorphic Functions on Complex Characteristics$91907560 606 $a35J25$xBoundary value problems for second-order elliptic equations [MSC 2020]$3VANC019840$2MF 606 $a35Q60$xPDEs in connection with optics and electromagnetic theory [MSC 2020]$3VANC029093$2MF 606 $a78A45$xDiffraction, scattering [MSC 2020]$3VANC022471$2MF 610 $aAutomorphic Functions$9KW:K 610 $aBoundary Value Problems$9KW:K 610 $aComplex Fourier Transform$9KW:K 610 $aDiffraction$9KW:K 610 $aDistributions$9KW:K 610 $aElliptic equations$9KW:K 610 $aFactorization$9KW:K 610 $aFredholm Operators$9KW:K 610 $aHelmholtz Equation$9KW:K 610 $aHolomorphic Functions$9KW:K 610 $aPaley-Wiener theorem$9KW:K 610 $aPseudo-differential Operators$9KW:K 610 $aRiemann surfaces$9KW:K 610 $aRiemann-Hilbert problem$9KW:K 610 $aWedgepartial differential equations$9KW:K 620 $aCH$dCham$3VANL001889 700 1$aKomech$bAlexander$3VANV096853$0472362 701 1$aMerzon$bAnatoli$3VANV096854$0769124 712 $aSpringer $3VANV108073$4650 801 $aIT$bSOL$c20251017$gRICA 856 4 $uhttp://doi.org/10.1007/978-3-030-26699-8$zE-book ? Accesso al full-text attraverso riconoscimento IP di Ateneo, proxy e/o Shibboleth 899 $aBIBLIOTECA DEL DIPARTIMENTO DI MATEMATICA E FISICA$1IT-CE0120$2VAN08 912 $fN 912 $aVAN00125417 950 $aBIBLIOTECA DEL DIPARTIMENTO DI MATEMATICA E FISICA$d08CONS e-book $e08LNM2249 20191111 996 $aStationary Diffraction by Wedges : Method of Automorphic Functions on Complex Characteristics$91907560 997 $aUNICAMPANIA